More grammar practice
Used alone or in conjunction with your reading, writing, and listening/speaking course books, More Grammar Practice helps students learn and review the essential grammar skills to make language learning comprehensive and ongoing.
Spremljeno u:
| Format: | Knjiga |
|---|---|
| Jezik: | Undetermined |
| Izdano: |
Boston, MA.
Heinle & Heinle
2001
|
| Teme: | |
| Oznake: |
Dodaj oznaku
Bez oznaka, Budi prvi tko označuje ovaj zapis!
|
| Thư viện lưu trữ: | Trung tâm Học liệu Trường Đại học Cần Thơ |
|---|
| LEADER | 00794nam a2200205Ia 4500 | ||
|---|---|---|---|
| 001 | CTU_123959 | ||
| 008 | 210402s9999 xx 000 0 und d | ||
| 020 | |c 167000 | ||
| 082 | |a 428.0076 | ||
| 082 | |b M835/T2 | ||
| 245 | 0 | |a More grammar practice | |
| 260 | |a Boston, MA. | ||
| 260 | |b Heinle & Heinle | ||
| 260 | |c 2001 | ||
| 520 | |a Used alone or in conjunction with your reading, writing, and listening/speaking course books, More Grammar Practice helps students learn and review the essential grammar skills to make language learning comprehensive and ongoing. | ||
| 650 | |a English language,English language | ||
| 650 | |x Textbooks for foreign speakers.,Study and teaching | ||
| 650 | |y Foreign speakers. | ||
| 904 | |i Minh | ||
| 980 | |a Trung tâm Học liệu Trường Đại học Cần Thơ | ||